La Henriade en dix chants (Record no. 167774)

MARC details
000 -LEADER
campo de control de longitud fija 01231nam a2200253 i 4500
001 - NÚMERO DE CONTROL
campo de control 167774
003 - IDENTIFICADOR DE NÚMERO DE CONTROL
campo de control ES-MaACL
005 - FECHA Y HORA DE LA ÚLTIMA TRANSACCIÓN
campo de control 20250716063327.0
008 - DATOS DE LONGITUD FIJA--INFORMACIÓN GENERAL
campo de control de longitud fija 050928s1768 sz af | |||||||| ||fre d
040 ## - FUENTE DE CATALOGACIÓN
Centro catalogador/agencia de origen CAM
Lengua de catalogación spa
Centro/agencia transcriptor CAM
100 0# - ENTRADA PRINCIPAL--NOMBRE DE PERSONA
Nombre de persona Voltaire,
Fechas asociadas al nombre 1694-1778
9 (RLIN) 115721
245 13 - MENCIÓN DEL TÍTULO
Título La Henriade en dix chants
Resto del título : précédée, accompagnée & suivie de toutes les pièces relatives à ce poëme & à la poésie epique en général : auxquelles on a joint Le Temple du gout, les Discours sur l'homme, les Poëmes de Fontenoy, sur Le désastre de Lisbonne, sur la Loi naturelle, &c., &c.
260 ## - PUBLICACIÓN, DISTRIBUCIÓN, ETC.
Lugar de publicación, distribución, etc. Genève :
Nombre del editor, distribuidor, etc. [s.n.],
Fecha de publicación, distribución, etc. 1768.
300 ## - DESCRIPCIÓN FÍSICA
Extensión [2], XXXII, 483 p. ;
Dimensiones 4º.
490 1# - MENCIÓN DE SERIE
Mención de serie Collection complette des oeuvres de M. de Voltaire ;
Designación de volumen o secuencia 1
505 8# - NOTA DE CONTENIDO CON FORMATO
Nota de contenido con formato Contiene: Préface pour la Henriade / par M. Marmontel: p. XXI-XXXII
596 ## - NOTA AL PIE DE IMPRENTA
NOTA AL PIE DE IMPRENTA Según la BN Opale-plus impreso por Cramer.
597 ## - NOTA DE DESCRIPCIÓN FÍSICA
NOTA DE DESCRIPCIÓN FÍSICA Sign.: [ ]1, a-d4, A-2Z4, 3A-3O4, 3P2.
598 ## - NOTA LOCAL
Nota local Dato de serie tomado de BN Opale-plus.
700 1# - ENTRADA AGREGADA--NOMBRE PERSONAL
Nombre de persona Marmontel, Jean-François.
9 (RLIN) 129519
830 0# - PUNTO DE ACCESO ADICIONAL DE SERIE-TÍTULO UNIFORME
Título uniforme Collection complette des oeuvres de M. de Voltaire ;
Designación de volumen o secuencia 1
9 (RLIN) 188768
852 ## - LOCALIZACIÓN
Ubicación ES-MaACL
Número de control de estantería R-761
Nota libre -- Enc. hol.
Encuadernación Olim: G-6601
Holdings
Estatus retirado Estado de pérdida Estado de daño No para préstamo Colección Biblioteca de origen Biblioteca actual Ubicación en estantería Fecha de adquisición Fuente de adquisición Total de préstamos Signatura topográfica completa Código de barras Visto por última vez Precio de reemplazo Tipo de ítem Koha
        Libros del s. XVIII Biblioteca del Ateneo de Madrid Biblioteca del Ateneo de Madrid Depósito 17/01/2008     R-761 1176011 23/02/2023 23/02/2023 Libro impreso antiguo